000
00198 a2200097 4500
001
29811
100
_a
AMC
245
_a
Engg Design systems Analysis
260
_a
_b
AMC
_c
090
_c
19827
_d
19827
942
_a
NUST-CAE
_c
M
_c
10921
999
_c
264884
_d
264884